书目信息 |
| 题名: |
国粹图典
|
|
| 作者: | 伯仲 编著 | |
| 分册: | 兵器 | |
| 出版信息: | 北京 中国画报出版社 2016 |
|
| 页数: | 178页 | |
| 开本: | 26cm | |
| 丛书名: | ||
| 单 册: | ||
| 中图分类: | K203-64 , K875.82 | |
| 科图分类: | ||
| 主题词: | 中华文化--zhong hua wen hua--图解 , 兵器(考古)--bing qi (kao gu )--中国--图解 | |
| 电子资源: | ||
| ISBN: | 978-7-5146-1358-2 | |
| 000 | 00918nam0 22002651 450 | |
| 001 | 1752539969 | |
| 005 | 20170602161236.0 | |
| 010 | @a978-7-5146-1358-2@dCNY35.00 | |
| 100 | @a20161115d2016 em y0chiy50 ea | |
| 101 | 0 | @achi |
| 102 | @aCN@b110000 | |
| 105 | @aa z 000yy | |
| 106 | @ar | |
| 200 | 1 | @a国粹图典@Aguo cui tu dian@i兵器@f伯仲编著 |
| 210 | @a北京@c中国画报出版社@d2016 | |
| 215 | @a178页@d26cm | |
| 300 | @a读图时代 1361 | |
| 330 | @a本书通过回顾中国传统兵器的种类及其发展过程,对传统兵器中常见的基本形态以及其所体现的古代科学技术加以介绍,其中配有大量图片进行解说,以帮助读者更加直观、具体地了解中国传统兵器的各个方面。 | |
| 606 | 0 | @a中华文化@Azhong hua wen hua@j图解 |
| 606 | 0 | @a兵器(考古)@Abing qi (kao gu )@y中国@j图解 |
| 690 | @aK203-64@v5 | |
| 690 | @aK875.82@v5 | |
| 701 | 0 | @a伯仲@Abai zhong@4编著 |
| 801 | 0 | @aCN@bTANG WEI@c20170527 |
| 905 | @b0971158-62@dK203-64@e228@f5 | |
| 国粹图典.兵器/伯仲编著 .-北京:中国画报出版社,2016 |
| 178页;26cm |
| 读图时代 1361 |
| ISBN 978-7-5146-1358-2:CNY35.00 |
| 本书通过回顾中国传统兵器的种类及其发展过程,对传统兵器中常见的基本形态以及其所体现的古代科学技术加以介绍,其中配有大量图片进行解说,以帮助读者更加直观、具体地了解中国传统兵器的各个方面。 |
| ● |
| 相关链接 |
|
|
|
|
正题名:国粹图典
索取号:K203-64/228
 
预约/预借
| 序号 | 登录号 | 条形码 | 馆藏地/架位号 | 状态 | 备注 |
| 1 | 0971158 | 209711588 | 第二样本阅览室/ [索取号:K203-64/228] | 在馆 | |
| 2 | 0971159 | 209711597 | 密集书库-史法系/ [索取号:K203-64/228] | 在馆 | |
| 3 | 0971160 | 209711604 | 第二借阅区/ [索取号:K203-64/228] | 在馆 | |
| 4 | 0971161 | 209711613 | 第二借阅区/ [索取号:K203-64/228] | 在馆 | |
| 5 | 0971162 | 209711622 | 第二借阅区/ [索取号:K203-64/228] | 在馆 |